[Event "CAN-ch U12"]
[Site "Quebec"]
[Date "2008.07.15"]
[Round "4"]
[White "Lai, Jonathan"]
[Black "Tetreault Labarge, Pierre"]
[Result "1-0"]
[WhiteElo "1563"]
[BlackElo "992"]
[PlyCount "83"]
[EventDate "2008.07.14"]
[EventType "swiss"]
[EventRounds "7"]
[EventCountry "CAN"]
[SourceTitle "EXT 2011"]
[Source "ChessBase"]
[SourceDate "2010.11.26"]
[SourceVersion "1"]
[SourceVersionDate "2010.11.26"]
[SourceQuality "1"]

1. e4 e5 2. Nf3 d6 3. d4 Bg4 4. dxe5 dxe5 5. Qxd8+ Kxd8 6. Nxe5 Be6 7. Bc4 Nf6 8. Bxe6 fxe6 9. Nf7+ Ke8 10. Nxh8 Nxe4 11. 0-0 Bc5 12. Nd2 Ng5 13. Nb3 Bb4 14. Bxg5 h6 15. Bd2 Bd6 16. Rfe1 e5 17. Bc3 Nc6 18. Ng6 Kf7 19. Nxe5+ Nxe5 20. Bxe5 Bxe5 21. Rxe5 Kf6 22. Rae1 Rd8 23. Re8 Rxe8 24. Rxe8 Kf7 25. Rc8 c6 26. Rc7+ Ke6 27. Rxb7 a6 28. Rxg7 h5 29. Rg5 h4 30. f4 c5 31. Nxc5+ Kd6 32. Nxa6 Kc6 33. f5 Kd6 34. b4 Kd5 35. c4+ Kxc4 36. f6 Kc3 37. f7 Kc2 38. f8Q Kb2 39. Qf2+ Ka1 40. Rf5 h3 41. Re5 hxg2 42. Re1# 1-0